Constituciones del Estado de Mexico, 1827, 1861, 1870, 1917 : conmemoracion del sesquicentenario de la ereccion del Estado de Mexico, 1824-1974 /

Bibliographic Details
Corporate Author: Mexico (Mexico : State)
Other Authors: Colín, Mario
Format: Book
Language:Spanish
Published: Mexico : Biblioteca Enciclopedica del Estado de Mexico, 1974.
Series:Biblioteca enciclopédica del Estado de México ; 37.
Subjects:

MARC

Tag First Indicator Second Indicator Subfields
LEADER 00000cam a2200000 a 4500
001 in00000069398
005 20151008053348.0
008 800917s1974 mx s00010 spam
010 |a  79113455  
019 |a 2012764 
035 |a (OCoLC)01973617 
035 |9 AAH7173AM 
040 |a DLC  |c DLC  |d m.c.  |d TXA  |d UtOrBLW 
043 |a n-mx--- 
049 |a TXAM  |c [1482093] 
050 0 0 |a LAW 
082 0 |a 342.7252/02  |2 19 
090 |a JL1299  |b .M485 1974 
099 |a KGC  |a M61197 
110 1 |a Mexico (Mexico : State) 
245 1 0 |a Constituciones del Estado de Mexico, 1827, 1861, 1870, 1917 :  |b conmemoracion del sesquicentenario de la ereccion del Estado de Mexico, 1824-1974 /  |c edicion preparada por Mario Colin. 
264 1 |a Mexico :  |b Biblioteca Enciclopedica del Estado de Mexico,  |c 1974. 
300 |a xl, 316 pages ;  |c 24 cm. 
336 |a text  |b txt  |2 rdacontent 
337 |a unmediated  |b n  |2 rdamedia 
338 |a volume  |b nc  |2 rdacarrier 
490 1 |a Biblioteca enciclopedica del Estado de Mexico ;  |v 37 
651 0 |a Mexico (Mexico : State)  |x Constitutional law. 
651 0 |a Mexico (Mexico : State)  |x Constitutional history. 
700 1 |a Colín, Mario. 
830 0 |a Biblioteca enciclopédica del Estado de México ;  |v 37. 
999 |a MARS 
999 f f |s 77928fb1-e994-3ca2-9d2f-cf436ba86477  |i 1ff065c5-957f-3b65-b87b-b8dbf10e7882  |t 0 
952 f f |p ric  |a Texas A&M University  |b Rellis Campus  |c Joint Library Facility  |d Remote Storage  |t 0  |e JL1299 .M485 1974  |h Library of Congress classification  |i unmediated -- volume  |m A14806048833 
998 f f |a JL1299 .M485 1974  |t 0  |l Remote Storage